Agrupamento de espécies madeireiras da Amazônia com base em propriedades físicas e mecânicas (Registro n. 298894)
[ somente texto ]
| 000 -LÍDER | |
|---|---|
| fixed length control field | 05080nab a2200313 i 4500 |
| 003 - CÓDIGO MARC DA AGÊNCIA CATALOGADORA | |
| Campo de controle | BR-BrBNA |
| 005 - DATA E HORA DA ÚLTIMA ATUALIZAÇÃO | |
| Campo de controle | 20240321161624.0 |
| 008 - CAMPO DE TAMANHO FIXO | |
| fixed length control field | 240321b2019 bl.qr|pooa||| 00| 0 por | |
| 040 ## - FONTE DA CATALOGAÇÃO | |
| Agência catalogadora | BR-BrBNA |
| Idioma da catalogação | por |
| 072 ## - CATEGORIA AGRIS | |
| Código AGRIS | K10 |
| 100 ## - ENTRADA PRINCIPAL - NOME PESSOAL | |
| Nome pessoal | Reis, Pamella Carolline Marques dos Reis |
| 100 ## - ENTRADA PRINCIPAL - NOME PESSOAL | |
| Nome pessoal | Reis, Leonardo Pequeno |
| 100 ## - ENTRADA PRINCIPAL - NOME PESSOAL | |
| Nome pessoal | Souza, Agostinho Lopes de |
| 100 ## - ENTRADA PRINCIPAL - NOME PESSOAL | |
| Nome pessoal | Carvalho, Ana Márcia Macedo Ladeira |
| 100 ## - ENTRADA PRINCIPAL - NOME PESSOAL | |
| Nome pessoal | Mazzei, Lucas |
| 100 ## - ENTRADA PRINCIPAL - NOME PESSOAL | |
| Nome pessoal | Reis, Alisson Rodrigo Souza |
| 100 ## - ENTRADA PRINCIPAL - NOME PESSOAL | |
| Nome pessoal | Torres, Carlos Moreira Miquelino Eleto |
| 245 ## - TÍTULO PRINCIPAL | |
| Título principal | Agrupamento de espécies madeireiras da Amazônia com base em propriedades físicas e mecânicas |
| 500 ## - NOTA GERAL | |
| Nota geral | Publicação on-line; 22 ref.; 4 tables; 1 illus.; Summaries (En, Pt) |
| 942 ## - ADDED ENTRY ELEMENTS (KOHA) | |
| Koha item type | |
| 520 ## - NOTA DE RESUMO | |
| Nota de conteúdo | <br/><br/>Resumo<br/><br/>A procura intensa por essências madeireiras nativas consolidadas, que apresentam elevado uso, pode ocasionar a<br/>superexploração de espécies e diminuição do seu estoque na floresta. Uma alternativa para essa situação é a substituição<br/>dessas espécies por outras com propriedades da madeira semelhantes e com suficiente estoque de crescimento na floresta. O<br/>objetivo deste trabalho foi agrupar as espécies da Amazônia através das propriedades físico-mecânicas da madeira e realizar<br/>a análise discriminante para identificar quais características tecnológicas são mais importantes para o agrupamento. As<br/>espécies estudadas foram provenientes de oito localidades distintas da região amazônica. As propriedades físico-mecânicas<br/>utilizadas obtidas da literatura especializada nacional foram: densidade básica, contração (tangencial, radial e volumétrica),<br/>flexão estática, compressão paralela e perpendicular às fibras, dureza Janka paralela e transversal, tração perpendicular às<br/>fibras, fendilhamento e cisalhamento. Foi utilizada a técnica de análise multivariada de Cluster (distância euclidiana simples<br/>e o método de Ward) e a análise discriminante para avaliar o agrupamento. A análise de Cluster foi eficiente para agrupar<br/>as espécies, que foram separadas em três grupos distintos. As espécies que se destacaram foram a Helicostylis pedunculata<br/>Benoist. e Tachigali chrysophylla (Poepp.) Zarucchi & Herend., por se agruparem com as espécies mais comercializadas.<br/>Os menores valores de Wilks’Lambda foram da densidade da madeira (0,759053), cisalhamento (0,802960) e compressão<br/>paralela às fibras (0,825594). Essas características foram as mais determinantes para discriminar os grupos. A análise de<br/>agrupamento é eficiente para indicar a substituição de espécies consolidadas na Amazônia.<br/><br/>Palavras-chave: Indicação de espécies; Madeiras tropicais; Tecnologia da madeira |
| 520 ## - NOTA DE RESUMO | |
| Nota de conteúdo | <br/><br/>Abstract<br/><br/>The intense search for consolidated native wood essences, which are highly used, can lead to the overexploitation of species<br/>and decrease their stocks in the forest. An alternative to this situation is the replacement of these species by others with<br/>similar wood properties and with sufficient forest growing stock. The objective of this work was to cluster the Amazon<br/>species through wood physical-mechanical properties and perform the discriminant analysis to identify which technological<br/>characteristics are more important for the clustering. The species studied came from eight different locations in the Amazon<br/>region. The properties used were: basic density, contraction (tangential, radial and volumetric), static flexion, compression<br/>parallel and perpendicular to the fibers, Janka hardness parallel and transversal, traction perpendicular to the fibers, cracking<br/>and shearing, all obtained from the national specialized literature. Multivariate Cluster analysis (simple Euclidean distance<br/>and Ward’s method) and the discriminant analyses were used to evaluate the clustering. Cluster analysis was efficient to<br/>cluster the species, which were separated into three distinct groups. The species that stood out were Helicostylis pedunculata<br/>Benoist. and Tachigali chrysophylla (Poepp.) Zarucchi & Herend., f or clustering with the most commercialized species.<br/>The lowest values of Wilks’Lambda were wood density (0.759053), shearing (0.802960) and compression parallel to the<br/>fibers (0.825594). These characteristics were the most determinant to discriminate the clusters. The clustering analysis was<br/>efficient for the separation of the species into marketing clusters.<br/><br/>Keywords: Indication of species; Tropical wood; Wood technology |
| 650 ## - ASSUNTO - THESAGRO | |
| Cabeçalho tópico ou nome geográfico | ESSÊNCIA FLORESTAL |
| 650 ## - ASSUNTO - THESAGRO | |
| Cabeçalho tópico ou nome geográfico | MADEIRA |
| 650 ## - ASSUNTO - THESAGRO | |
| Cabeçalho tópico ou nome geográfico | TECNOLOGIA |
| 773 0# - ENTRADA ANALÍTICA | |
| Host Biblionumber | 4065 |
| Registro do item | 313811 |
| Imprenta | Santa Maria-RS Universidade Federal de Santa Maria - Centro de Pesquisas Florestais.Departamento de Ciências Florestais. Programa de Pós-Graduação em Engenharia Florestal 1991 |
| Outro identificador | 2024-0078 |
| Título | Ciência Florestal (Brazil) |
| ISSN | 0103-9954; 1980-5098 (on-line) |
| Colação | v. 29(1) p. 336-346; (Jan-Mar 2019) |
| Número de controle de registro | BR2023001604 |
| 856 ## - ACESSO E ENDEREÇO ELETRÔNICO | |
| Identificador uniforme de recurso - URI | https://www.scielo.br/j/cflo/a/gQRJgt9H5r8J6FXgjDGVdVr/?format=pdf&lang=pt |
Nenhum exemplar disponível.

BINAGRI